000 00335nam a2200121Ia 4500
008 180309s9999 xx 000 0 und d
020 _a440156637
100 _aFriday, Nancy
245 _aMy mother/My self :
_bThe daughter's search for identity
260 _aUSA :
_b1977
_cDell pub
300 _a371 pages
650 _aWomen Psychology
999 _c356147
_d356147